Les Simpson - Questions aléatoires (10) - Statistiques

Statistiques générales
  • Ce quiz a été pris 47 fois
    33 depuis la dernière actualisation
  • Le résultat moyen est 10 sur 30
Statistiques - réponses
Question Réponse % Correct
Quand Lisa devient végétarienne, quel plat lui sert-on de "veggie" à la cantine de l'école ? un pain à hot-dog seul
64%
Après avoir pioché un œuf noir dans le bocal de Moe, qui devait rester sobre pour reconduire les autres après les beuveries chez Moe ? Barney
57%
Quel est le groupe de musique préféré de Ned Flanders ? Les Beatles
57%
Comment s'appelle le journaliste en hélicoptère qui apparaît occasionnellement en duplex avec Kent Brockman ? Arnie
54%
Quand Homer et Marge s'enfuient du Salon du bonbon, quel boisson Homer mélange-t-il à des bonbons "explosifs" pour disperser la foule ? du buzz cola
54%
Lorsque Ned lit un livre Harry Potter à son fils et qu'il invente une fin, où finissent Harry et ses amis pour avoir pratiqué la sorcellerie ? en enfer
54%
Lors de la vague de chaleur qui touche Springfield, quel groupe de rock a littéralement fondu au musée de cire ? Les Beatles
46%
À quoi Homer a-t-il renoncé pour acheter son saxophone à Lisa ? un climatiseur
46%
Quel pays Lisa a-t-elle représenté au Club de Modélisation des Nations Unies ? la France
43%
Sur le logo d'entrée de son casino, dans quelle tenue Burns est-il représenté ? une tenue de sirène
43%
La soirée d'hommage surprise au principal Skinner célèbre son poste de directeur de l'école élémentaire de Springfield depuis combien d'années ? 20 ans
39%
Avec quel engrais Homer fait-il pousser le champ dans sa vieille ferme familiale ? du plutonium
39%
Quelle est la phrase que Bart doit dire à KBBL pour gagner son éléphant ? KBBL va m'offrir un truc idiot
39%
Comment s'appelle le neveu de Krusty le Clown ? Josh
36%
Dans l'épisode "22 courts-métrages sur Springfield", quel personnage n'apparaît dans aucune des situations ? Tahiti Bob
36%
Quel est le nom du président du pays dans lequel les Simpson voyagent durant leur safari en Afrique ? Muntu
32%
Dans l'épisode "Le Flic et la Rebelle", quelle carrière est suggérée pour Ralph après le test d'orientation ? videur de saumon
32%
Combien de noms d'employés s'affichent sur l'ordinateur de Smithers lorsqu'il tape le critère « incompétent » pour lui trouver un remplaçant temporaire ? 714
25%
Lorsqu'Abraham cherche dans son portefeuille sa carte de membre des tailleurs de pierre pour la donner à Homer, il sort d'autres cartes avant. Laquelle n'en fait pas partie ? carte de joueur de golf
25%
Comment s'appelle le vieil homme de la maison de retraite de Springfield qu'Homer prétendait être ? Cornelius Talmadge
21%
Qui possède un permis de conduire comportant le nom de Ralph Melish ? Hans Taupeman
21%
Quand Bart aide Chester Lampwick (le créateur original de Itchy & Scratchy) à gagner le procès, il demande de l'argent à Homer pour acheter une preuve chez le vendeur de BD. Combien lui demande-t-il ? 750 $
18%
L'épisode où Lisa tombe amoureuse de Nelson, elle rigole à une blague en le regardant par la fenêtre et se prend deux heures de colle. Quel prof lui a mis la retenue ? Largo
18%
Comment s'appelle la mère de Larry Burns, le fils adoptif de Monty Burns ? Lily
18%
Dans l'épisode de la jeunesse d'Homer où tous ses voisins le félicitent pour la grossesse de Marge, une personne le félicite pour son nouveau boulot au bowling. De qui s'agit-il ? Maude
18%
À Itchy & Scratchy Land, quelle est la première chose que jette Homer sur les robots tueurs ? son portefeuille
18%
Qui se fait passer pour le Guide afin d'enlever Homer de la secte des Mouvementariens ? Marge
14%
Quand Homer donne des cours du soir sur comment réussir son mariage, qui n'est pas présent à ce cours ? Krusty
11%
Lorsque Tahiti Bob s'est présenté pour devenir maire de Springfield, quel score a-t-il obtenu face à Joe Quimby ? 100%
7%
Selon Mr Burns, il faut chasser 3 démons pour réussir dans les affaires. Laquelle de ces propositions ne fait pas partie des trois ? amour
7%
Aucun quiz correspondant
Distribution des résultats
% des personnes avec chaque résultat
Percentile par nombre de réponses
Votre historique - résultats
Vous n’avez pas pris ce quiz depuis la dernière actualisation